000 00788cpcaa2200241 4500
001 mm 79000417
003 DLC
005 20260227111631.0
008 790226|||||||||||| eng
010 _amm 79000417
040 _aDLC
_cDLC
_edacs
_dDLC
072 7 _aW
_2lcmd
100 1 _aCampbell, John Archibald,
_d1811-1889.
245 0 0 _aJohn Archibald Campbell correspondence,
_f1860-1868.
300 _a5
_fitems.
506 0 _aOpen to research.
545 0 _aJurist.
546 _aCollection material in English.
580 _aForms part of: Miscellaneous Manuscripts collection.
656 7 _aJurists.
_2itoamc
999 _c40364
_d40364